| 000 | 02054cam a22002294a 4500 | ||
|---|---|---|---|
| 999 |
_c2282 _d2282 |
||
| 020 | _a0072429216 | ||
| 020 | _a9780072429213 | ||
| 020 | _a0071123334 | ||
| 020 | _a9780071123334 | ||
| 050 | 0 | 0 |
_aHC79.E5 _bF47 |
| 100 | 1 | _aField, Barry C. | |
| 245 | 1 | 0 |
_aEnvironmental economics : _ban introduction / _cBarry C. Field, Martha K. Field. |
| 250 | _a3rd ed. | ||
| 260 |
_aNew York, N.Y. : _bMcGraw-Hill/Irwin, _c2002. |
||
| 300 |
_axviii, 510 p. : _bill. ; _c24 cm. |
||
| 500 | _aIncludes Index | ||
| 505 | _aSection 1: Introduction Chapter 1: What Is Environmental Economics? Chapter 2: The Economy and the Environment Section 2: Analytical Tools Chapter 3: Benefits and Costs, Supply and Demand Chapter 4: Economic Efficiency and Markets Chapter 5: The Economics of Environmental Quality Section 3: Environmental Analysis Chapter 6: Frameworks of Analysis Chapter 7: Benefit-Cost Analysis: Benefits Chapter 8: Benefit-Cost Analysis: Costs Section 4: Environmental Policy Analysis Chapter 9: Criteria for Evaluating Environmental Policies Chapter 10:Decentralized Policies: Liability Laws, Property Rights, Voluntary Action Chapter 11: Command-and-Control Strategies: The Case of Standards Chapter 12: Incentive-Based Strategies: Emission Charges and Subsidies Chapter 13: Incentive-Based Strategies: Transferable Discharge Permits. Section V Environmental Policy in the United States Chapter 14: Federal Water Pollution-Control Policy Chapter 15: Federal Air Pollution-Control Policy Chapter 16: Federal Policy on Toxic and Hazardous Substances Chapter 17: State and Local Environmental Issues Section 6: International Environmental Issues Chapter 18: Environmental Issues in Other Industrialized Countries Chapter 19: Economic Development and the Environment Chapter 20: The Global Environment Chapter 21: International Environmental Agreements | ||
| 650 | 0 | _aEnvironmental economics. | |
| 650 | 0 |
_aEconomic development _xEnvironmental aspects. |
|
| 700 | 1 | _aField, Martha K. | |
| 942 | _cBK | ||